| 000 | 00971nam0a22002291i 4500 | ||
|---|---|---|---|
| 001 | rc\4867158 | ||
| 005 | 20240724133651.0 | ||
| 021 |
_aRU _b[67-104790] |
||
| 035 | _a(NLR Aleph) 008821025 | ||
| 090 |
_a8222219 _c8222219 |
||
| 100 | _a20130426d1967 |||y0rusy50 ca | ||
| 101 | 0 | _arus | |
| 102 | _aRU | ||
| 105 | _ay d ||||| | ||
| 200 | 1 |
_aИсследование процесса сушки подсолнечных семян в пневмогазовой рециркуляционной сушилке с осциллирующим режимом _e(Пром. теплоэнергетика 273) _eАвтореферат дис. на соискание учен. степени канд. техн. наук _fАН БССР. Ин-т тепло- и массообмена |
|
| 210 |
_aМинск _d1967 |
||
| 215 | _a26 с. | ||
| 700 | 1 |
_aНарходжаев _bР.К. |
|
| 801 | 0 |
_aRU _bNLR _gpsbo |
|
| 801 | 1 |
_aRU _bELAR _2rusmarc |
|
| 852 |
_aNLR _j68-4/3824 |
||
| 942 | _cBOOK | ||